| 000 | 00832cam a2200253 a 4500 | ||
|---|---|---|---|
| 001 | 000015178 | ||
| 003 | UkOxU | ||
| 005 | 20201001140841.0 | ||
| 008 | 500101s1979 ve 000 0 spa d | ||
| 040 |
_aDO-SdBNP _bspa _cBNPHU |
||
| 100 | 1 |
_aCampo del Pozo, Fernando. _934373 |
|
| 245 | 1 | 4 |
_aLos Agustinos en la evangelización de Venezuela / _cFernando Campo del Pozo. |
| 260 |
_aCaracas, Venezuela : _bUniversidad Católica Andrés Bello, _c1979. |
||
| 300 |
_a301 p. ; _c19 cm. |
||
| 490 | 1 |
_aManoa _v18 |
|
| 500 | _aIncluye índices | ||
| 504 | _aIncluye referencias bibliográficas (p. 13-24). | ||
| 610 | 2 | 4 |
_aAGUSTINOS _zVENEZUELA _934374 |
| 610 | 2 | 4 |
_aIGLESIA CATÓLICA _zVENEZUELA _xHISTORIA _934375 |
| 650 | 4 |
_aEvangelización _zVenezuela _934376 |
|
| 830 | 0 |
_aManoa, 18 _976729 |
|
| 942 |
_2ddc _cLF1 |
||
| 956 | _aLOPEREZ | ||
| 999 |
_c14749 _d14749 |
||